The many faces of the goddess : the iconography of the Syro-Palestinian goddesses Anat, Astarte, Qedeshet, and Asherah c. 1500-1000 BCE /

محفوظ في:

المؤلف الرئيسي: Cornelius, Izak, 1958- (مؤلف)

التنسيق: كتاب

اللغة: English

منشور في: Fribourg, Switzerland : Gottingen : Academic Press ; Vandenhoeck & Ruprecht, c2004.

سلاسل: Orbis biblicus et orientalis ; 204.
OBO ; 204.

الموضوعات:

الوسوم: إضافة وسم

لا توجد وسوم, كن أول من يضع وسما على هذه التسجيلة!

رقم الطلب: DS41 .O5 v.204

LEADER 01484namaa2200385 4500
001 12480
003 OSt
005 20250327112456.0
008 130303s2004 sz abf b 000 0 eng d
020 |a 3525530617 
020 |a 3727814853 
040 |c ARCE Library 
043 |a aw-----  
050 4 |a DS41 .O5 v.204 
100 1 |a Cornelius, Izak,  |d 1958-  |e author 
245 1 4 |a The many faces of the goddess :   |b the iconography of the Syro-Palestinian goddesses Anat, Astarte, Qedeshet, and Asherah c. 1500-1000 BCE /   |c Izak Cornelius. 
264 1 |a Fribourg, Switzerland :  |b Academic Press ;  |a Gottingen :  |b Vandenhoeck & Ruprecht,  |c c2004. 
300 |a 207 pages, [76] pages of plates :  |b illustration, maps ;  |c 24 cm. 
336 |2 rdacontent  |a text  |b txt 
337 |2 rdamedia  |a unmediated  |b n 
338 |2 rdacarrier  |a volume  |b n 
490 1 |a Orbis biblicus et orientalis ;   |v 204. 
490 1 |a OBO ;   |v 204. 
504 |a Includes bibliographical references (p. 143-192) 
505 0 |a Ch. 1. Introduction -- Ch. 2. Iconographic types -- Ch. 3. Distribution, attributes, titles -- Ch. 4. Final conclusions. 
650 0 |a Anat (Ugaritic deity)  |x Art. 
650 0 |a Asherah (Semitic deity)  |x Art.  |9 5683 
650 0 |a Astarte (Phoenician deity)  |x Art.  |9 5684 
650 0 |a Goddesses, Middle Eastern. 
651 0 |a Middle East  |x Religon. 
830 0 |a Orbis biblicus et orientalis ;   |v 204. 
830 0 |a OBO ;   |v 204. 
901 |a reviewed 
942 |c BK  |2 lcc 
999 |c 10787  |d 10787